Učitavanje...

Bhakti movement: renaissance or revivalism?

Bibliografski detalji
Glavni autor: Govinda Pillai, P
Format: Printed Book
Izdano: Delhi Aakar Books 2017
LEADER 00514nam a22001577a 4500
003 OSt
020 |a 9789350022061 
082 |a 294.54  |b GOV/BH 
100 |a Govinda Pillai, P 
245 |a Bhakti movement:  |b renaissance or revivalism? 
260 |a Delhi  |b Aakar Books  |c 2017 
300 |a viii, 274p. 
546 |a English 
942 |2 ddc  |c BK 
999 |c 161031  |d 161031 
952 |0 0  |1 0  |2 ddc  |4 0  |6 294_540000000000000_GOVBH  |7 0  |8 Gen  |9 159778  |a KAUCLV  |b KAUCLV  |c GENERAL  |d 2018-06-19  |g 395.00  |o 294.54 GOV/BH  |p 228494  |r 2018-06-19  |w 2018-06-19  |y BK